MARC

LEADER 00000nam0a2200000 4500
001 210219
005 20231031192035.0
035 |a (RuTPU)RU\TPU\book\229601 
090 |a 210219 
100 |a 20120221d1975 k y0rusy50 ca 
101 0 |a rus 
102 |a RU 
105 |a a z 001zy 
200 1 |a Физические свойства горных пород Западно-Сибирской нефтегазоносной провинции  |f Н. А. Туезова [и др.] 
210 |a Москва  |c Недра  |d 1975 
215 |a 184 с.  |c ил. 
320 |a Библиогр.: с. 181-183. 
610 1 |a горные породы 
610 1 |a физико-механические свойства 
610 1 |a Западно-Сибирская низменность 
610 1 |a стратиграфия 
610 1 |a плотность 
610 1 |a магнитные свойства 
610 1 |a петрофизические исследования 
675 |a 552.1:53  |v 3 
701 1 |a Туезова  |b Н. А.  |g Нина Александровна 
701 1 |a Дорогиницкая  |b Л. М. 
701 1 |a Демина  |b Р. Г. 
701 1 |a Брюзгина  |b Н. И. 
801 1 |a RU  |b 63413507  |c 20120221 
801 2 |a RU  |b 63413507  |c 20190729  |g RCR 
942 |c BK